Isteri tak dijangka (Record no. 129914)
[ view plain ]
| 000 -LEADER | |
|---|---|
| fixed length control field | 00729nam a2200253 i 4500 |
| 001 - CONTROL NUMBER | |
| control field | C2-0331169 |
| 003 - CONTROL NUMBER IDENTIFIER | |
| control field | PPAK |
| 005 - DATE AND TIME OF LATEST TRANSACTION | |
| control field | 20180728131618.0 |
| 008 - FIXED-LENGTH DATA ELEMENTS--GENERAL INFORMATION | |
| fixed length control field | 150531s2014 my |||| ||||| | may d |
| 022 ## - INTERNATIONAL STANDARD SERIAL NUMBER | |
| International Standard Serial Number | 978-967-0567-40-2 |
| 040 ## - CATALOGING SOURCE | |
| Original cataloging agency | PPAK |
| Language of cataloging | eng |
| Transcribing agency | PPAK |
| Description conventions | rda |
| 082 04 - DEWEY DECIMAL CLASSIFICATION NUMBER | |
| Classification number | 899.233 |
| Edition number | 23 |
| 090 00 - LOCALLY ASSIGNED LC-TYPE CALL NUMBER (OCLC); LOCAL CALL NUMBER (RLIN) | |
| Classification number (OCLC) (R) ; Classification number, CALL (RLIN) (NR) | 899.233 |
| Feature heading | SNH |
| Feature heading | G |
| 100 0# - MAIN ENTRY--PERSONAL NAME | |
| Personal name | S.N.Hidayah Haron, |
| Relator term | author |
| 245 10 - TITLE STATEMENT | |
| Title | Isteri tak dijangka |
| 264 #1 - PRODUCTION, PUBLICATION, DISTRIBUTION, MANUFACTURE, AND COPYRIGHT NOTICE | |
| Place of production, publication, distribution, manufacture | Bandar Tun Hussein Onn, Cheras, Selangor : |
| Name of producer, publisher, distributor, manufacturer | Penerbitan Enterprise , |
| Date of production, publication, distribution, manufacture, or copyright notice | 2014 |
| 300 ## - PHYSICAL DESCRIPTION | |
| Extent | iii, 512 pages ; |
| Dimensions | 18 cm |
| 336 ## - CONTENT TYPE | |
| Source | rdacontent |
| Content type term | text |
| 337 ## - MEDIA TYPE | |
| Source | rdamedia |
| Media type term | unmediated |
| 338 ## - CARRIER TYPE | |
| Source | rdacarrier |
| Carrier type term | volume |
| 650 10 - SUBJECT ADDED ENTRY--TOPICAL TERM | |
| Topical term or geographic name entry element | Malay fiction. |
| 700 0# - ADDED ENTRY--PERSONAL NAME | |
| Personal name | Jabatan Editorial P2u, |
| Relator term | editor |
| 942 ## - ADDED ENTRY ELEMENTS (KOHA) | |
| -- | dc |
| Koha item type | Book |
| Withdrawn | Not for loan | Current library | Shelving location | Date acquired | Total Checkouts | Full call number | Barcode | Date last seen | Date last checked out | Koha item type | Total Renewals |
|---|---|---|---|---|---|---|---|---|---|---|---|
| Perpustakaan Jitra | Pinjaman Dewasa | 08/06/2015 | 1 | 899.233 SNH | A01452887 | 30/11/2023 | 14/05/2019 | Book | |||
| Perpustakaan Kuala Nerang | Pinjaman Dewasa | 08/06/2015 | 3 | 899.233 SNH | A01452894 | 13/03/2022 | 20/02/2022 | Book | |||
| Perpustakaan Kulim | Pinjaman Dewasa | 08/06/2015 | 899.233 SNH | A01452889 | 09/05/2018 | Book | |||||
| Perpustakaan Langkawi | Pinjaman Dewasa | 08/06/2015 | 8 | 899.233 SNH | A01452888 | 07/04/2021 | 18/03/2021 | Book | 1 | ||
| Perpustakaan Merbok | Pinjaman Dewasa | 08/06/2015 | 2 | 899.233 SNH | A01452896 | 15/01/2022 | 04/12/2021 | Book | 1 | ||
| Perpustakaan Pendang | Pinjaman Dewasa | 08/06/2015 | 2 | 899.233 SNH | A01452897 | 01/12/2019 | 12/11/2019 | Book | |||
| Perpustakaan Sik | Pinjaman Dewasa | 08/06/2015 | 6 | 899.233 SNH | A01452891 | 05/11/2023 | 10/10/2023 | Book | 1 | ||
| Perpustakaan Yan | Pinjaman Dewasa | 08/06/2015 | 899.233 SNH | A01452890 | 09/05/2018 | Book | |||||
| Bergerak 1, Alor Setar | Pinjaman Dewasa | 08/06/2015 | 899.233 SNH | A01452898 | 09/05/2018 | Book | |||||
| Bergerak 3, Baling | Pinjaman Dewasa | 08/06/2015 | 899.233 SNH | A01452900 | 09/05/2018 | Book | |||||
| Bergerak 4, Sungai Petani | Pinjaman Dewasa | 08/06/2015 | 899.233 SNH | A01452901 | 09/05/2018 | Book | |||||
| PD37, Kg. Belat, Pendang | Pinjaman Dewasa | 08/06/2015 | 899.233 SNH | A01452895 | 09/05/2018 | Book |